|
|
|
|
| LEADER |
00000nab a2200000 a 4500 |
| 001 |
vtls001028955 |
| 003 |
SK-MaSNL |
| 005 |
20260303040036.0 |
| 008 |
040720e20010625xo 0 slo |
| 035 |
|
|
|a SL7509
|
| 040 |
|
|
|a SLLK
|b slo
|c SLLK
|e AACR2
|
| 041 |
0 |
|
|a slo
|
| 044 |
|
|
|a xo
|c SK
|
| 080 |
|
|
|a 796.332
|2 1981
|
| 100 |
1 |
|
|a Mojcher, M.
|4 aut
|9 1022435
|
| 245 |
1 |
0 |
|a V poslednom kole v Zemplíne strelecké hody
|b III. liga. Trebišovčan Takáč rozstrieľal pivovarníkov z Veľkého Šariša
|
| 246 |
3 |
1 |
|b St. Ľubovňa - Turňa 2:3 (1:1)
|
| 300 |
|
|
|b 1 foto, 1 tab.
|
| 610 |
2 |
7 |
|a FK Rekostav Stará Ľubovňa
|2 SLLK
|9 59391
|
| 650 |
0 |
7 |
|a futbal
|2 SLLK
|9 3291
|
| 650 |
0 |
7 |
|a muži
|2 SLLK
|9 4888
|
| 650 |
0 |
7 |
|a liga 3.
|2 SLLK
|9 1022389
|
| 650 |
0 |
7 |
|a zápasy
|2 SLLK
|9 880005
|
| 650 |
0 |
7 |
|a výsledky
|2 SLLK
|9 493505
|
| 651 |
|
7 |
|a Turňa nad Bodvou (Slovensko)
|2 SLLK
|9 30010
|
| 651 |
|
7 |
|a SL,
|2 SLLK
|9 1022390
|
| 655 |
|
7 |
|a periodikum
|2 snkbucl
|9 29553
|
| 710 |
2 |
|
|a FK Rekostav Stará Ľubovňa
|4 aut
|9 59391
|
| 773 |
0 |
8 |
|t Tatranský denník
|g Roč. 3, č.145, 25.6.2001
|
| 773 |
0 |
8 |
|i Príl.:
|t Šport. - S. 2
|
| 852 |
|
|
|a ZVYKNI
|b KIS3GCP
|
| 999 |
|
|
|c 1680145
|d 1682075
|